Código de procedimiento civil: anotado, concordado y con jurisprudencia
Enregistré dans:
| Collectivité auteur: | |
|---|---|
| Autres auteurs: | |
| Format: | Livre |
| Langue: | espagnol |
| Publié: |
Santiago, Chile:
Jurídica,
2010
|
| Édition: | Primera Edición. |
| Sujets: | |
| Tags: |
Ajouter un tag
Pas de tags, Soyez le premier à ajouter un tag!
|
MARC
| LEADER | 00000nam a2200000 a 4500 | ||
|---|---|---|---|
| 001 | UCG4648 | ||
| 003 | CL-VaPUC | ||
| 005 | 20250416110211.0 | ||
| 008 | 101118e20100800CL |||||||||||||||||spa|d | ||
| 999 | |c 343319 |d 343317 | ||
| 020 | |a 9789561020544 | ||
| 040 | |c Pontificia Universidad Católica de Valparaíso | ||
| 082 | 0 | 4 | |a 347.83 CHI 2010 |2 21 |
| 110 | 1 | |a Chile |9 890760 | |
| 245 | 1 | 0 | |a Código de procedimiento civil: anotado, concordado y con jurisprudencia |
| 250 | |a Primera Edición. |b Actualizada a febrero de 2010 | ||
| 260 | |a Santiago, Chile: |b Jurídica, |c 2010 | ||
| 300 | |a 666 páginas | ||
| 505 | |a Nota Introductoria. Abreviaturas. Mensaje del Código de Procedimiento Civil. Mensaje sobre modificaciones a este Código. Decreto N.º 1.107, del Ministerio de Justicia, que aprueba el texto del Código. Ley N.º 1.552. -Libro Primero. Disposiciones Comunes a Todo Procedimiento. -Libro Segundo. Del Juicio Ordinario. -Libro Tercero. De los Juicios Especiales. -Libro Cuarto. De los Actos Judiciales no Contenciosos. | ||
| 583 | |a last modification |c 20101118 00:00:00 |k Rodrigo Vera | ||
| 650 | 1 | |a Derecho civil chileno |9 320612 | |
| 650 | 1 | |a Procedimiento civil |z Chile |9 890903 | |
| 650 | 1 | 0 | |a Código civil chileno |9 255931 |
| 650 | 1 | |a Juicio ordinario |9 254867 | |
| 650 | 1 | |a Actos judiciales no contenciosos |9 391844 | |
| 700 | |a Marín González, Juan Carlos |9 891024 | ||
| 942 | |c BK |2 ddc | ||
| 945 | |d 20101118 00:00:00 |a mfarfan | ||
| 952 | |0 0 |1 0 |4 0 |6 347_830000000000000_CHI_2010 |7 0 |8 R |9 440544 |a BIBDER |b BIBDER |d 2019-11-22 |i 4735536 |o 347.83 CHI 2010 |p 4735536 |r 2023-01-25 |w 2019-11-22 |y BK_R |k DER | ||